00584cam a2200193 a 450000100070000000500170000700800410002402000150006504000170008008200210009710000150011824500520013326000720018530000130025750000410027050000200031165000250033165000340035658876220240130014921.0900706s1989 ii a b 001 0 eng d a0140109382 aPUcDLCdDLC 222a305.8.bSRI.0 aMohan Ram,10aSri Lanka :bthe fractured island /cMohan Ram. aNew Delhi, India ;aNew York, N.Y., U.S.A. :bPenguin Books,c1989. a158 p. : a"A Penguin original"--P. 4 of cover. aIncludes index. 0aTamil (Indic people) 0aSinhalese (Sri Lankan people)